00822cam a2200229 a 450000100060000000300090000600500170001500800410003202000150007304000280008808200200011610000190013624501430015526000590029830000450035750400510040265000420045365000320049565000220052770000210054970000220057010232BD-DhUAP20201227104834.0201227r20061998bg a b 001 0 eng  a8185617643 aDLCcDLCdBD-DhUAPbeng00a808.066 BAU223 aBaugh, L. Sue. aHow to write first-class business correspondence :bthe handbook for business writing /cL. Sue Baugh, Maridell Fryar and David A. Thomas. aBoston : bMcGraw-Hill/Irwin,cc1998 [Reprinted 2006]. aix, 302 pages :billustrations ;c22 cm. aIncludes bibliographical references and index. aEnglish language -- Business English. aCommercial correspondence.  aBusiness writing. aFryar, Maridell. aThomas, David A.